Impuesto a las ganancias de igualación (Registro nro. 15614)

Detalles MARC
000 -LEADER
fixed length control field 00350 a2200121 4500
001 - CONTROL NUMBER
control field ART_30911
005 - DATE AND TIME OF LATEST TRANSACTION
control field 20260410161706.0
008 - FIXED-LENGTH DATA ELEMENTS--GENERAL INFORMATION
fixed length control field 260409a
100 1# - MAIN ENTRY--PERSONAL NAME
Personal name García, Fernando D.
245 10 - TITLE STATEMENT
Title Impuesto a las ganancias de igualación
700 1# - ADDED ENTRY--PERSONAL NAME
Personal name Pantanali, Omar A.
773 0# - HOST ITEM ENTRY
Title Revista Impuestos
Related parts - Nº 6 (mar. 2008)
Record control number REV639

No hay ítems disponibles.